MLB Team Home Run Leaders 2021 - Statistics

General Stats
  • This quiz has been taken 242 times
    231 since last reset
  • The average score is 65 of 160
Answer Stats
Answer % Correct
Aaron Judge
82%
Shohei Ohtani
82%
Freddie Freeman
81%
Jose Altuve
81%
Bryce Harper
80%
Giancarlo Stanton
78%
Ronald Acuna Jr.
76%
Vladimir Guerrero Jr.
76%
Pete Alonso
75%
Joey Votto
72%
Miguel Cabrera
70%
Carlos Correa
69%
Jose Abreu
69%
Jose Ramirez
69%
Rafael Devers
69%
Tim Anderson
69%
Yordan Alvarez
69%
Salvador Perez
68%
Bo Bichette
67%
Cedric Mullins
67%
Matt Olson
67%
Javier Baez
66%
Kris Bryant
66%
Ozzie Albies
66%
Paul Goldschmidt
66%
Juan Soto
65%
J.D. Martinez
64%
Francisco Lindor
63%
Kyle Seager
63%
Matt Chapman
63%
Nolan Arenado
63%
Xander Bogaerts
63%
Marcus Semien
60%
Mookie Betts
60%
Nick Castellanos
60%
Josh Bell
59%
Austin Riley
57%
Justin Turner
57%
Nelson Cruz
57%
Trea Turner
57%
Trey Mancini
57%
Yuli Gurriel
57%
Dansby Swanson
56%
Ryan Mountcastle
55%
Fernando Tatis Jr.
54%
Gary Sanchez
54%
Jesus Sanchez
54%
Kyle Schwarber
54%
Kyle Tucker
54%
Eugenio Suarez
53%
Adolis Garcia
51%
Avisail Garcia
51%
George Springer
51%
Jorge Soler
51%
Cesar Hernandez
50%
Pavin Smith
50%
Teoscar Hernandez
50%
Will Smith
50%
Brandon Lowe
49%
Byron Buxton
49%
Ketel Marte
49%
Nathaniel Lowe
49%
Randy Arozarena
49%
Rhys Hoskins
49%
Willson Contreras
49%
Joey Gallo
48%
Jesse Winker
47%
J.T. Realmuto
47%
Bryan Reynolds
46%
Manny Machado
46%
Yasmani Grandal
46%
Andrew McCutchen
45%
Brandon Crawford
45%
Jazz Chisholm Jr.
43%
Josh Donaldson
43%
Trevor Story
43%
Yoan Moncada
43%
Anthony Santander
42%
Jared Walsh
41%
Patrick Wisdom
41%
Max Muncy
40%
Miguel Sano
40%
Ian Happ
39%
Tyler O'Neill
39%
Willy Adames
39%
Mitch Haniger
38%
Brandon Belt
36%
Hunter Renfroe
36%
Jorge Polanco
36%
Adam Duvall
35%
Carlos Santana
35%
Bobby Dalbec
34%
C.J. Cron
34%
Gregory Polanco
34%
Jonathan India
34%
Michael Conforto
34%
Amed Rosario
33%
Franmil Reyes
33%
Jesus Aguilar
33%
Austin Hays
32%
Max Kepler
32%
Elias Diaz
31%
Paul DeJong
31%
Yandy Diaz
31%
Andrew Benintendi
30%
Buster Posey
30%
Justin Upton
30%
Bobby Bradley
28%
Mike Zunino
28%
Eduardo Escobar
27%
Jake Cronenworth
27%
Kolten Wong
26%
Sean Murphy
26%
Ty France
26%
Gio Urshela
25%
Jonathan Schoop
25%
Mike Yastrzemski
25%
Dylan Carlson
24%
Austin Meadows
23%
Ryan McMahon
23%
Ryan Zimmerman
23%
Jeimer Candelario
22%
Luis Urias
22%
Randal Grichuk
22%
Max Stassi
20%
Robbie Grossman
20%
Wil Myers
20%
Josh Rojas
19%
Miguel Rojas
19%
A.J. Pollock
18%
Eric Haase
18%
Garrett Cooper
18%
Mark Canha
18%
Tommy Pham
18%
Trent Grisham
18%
Andrew Vaughn
17%
Hunter Dozier
17%
Brad Miller
16%
Jacob Stallings
15%
Wilmer Flores
15%
Colin Moran
14%
LaMonte Wade Jr.
14%
Rougned Odor
14%
Seth Brown
14%
Carson Kelly
13%
Jonathan Villar
13%
Kevin Pillar
11%
Brett Phillips
10%
Jarred Kelenic
10%
Brendan Rodgers
8%
Daulton Varsho
8%
DJ Peters
8%
Yoshi Tsutsugo
8%
Nick Solak
7%
Jack Mayfield
6%
Lewis Brinson
6%
Ben Gamel
5%
Luis Torrens
5%
Manny Pina
5%
No matching quizzes found
Score Distribution
Percent of People with Each Score
Percentile by Number Answered
Your Score History
You have not taken this quiz since the last reset